| 000 | 00446nam a22001817a 4500 | ||
|---|---|---|---|
| 003 | OSt | ||
| 005 | 20211012143142.0 | ||
| 008 | 211012b |||||||| |||| 00| 0 eng d | ||
| 020 | _a0849331366 | ||
| 040 | _cHAWASSA UNIVERSITY | ||
| 050 |
_a631.4/SUM _b5 |
||
| 082 |
_a631.4/SUM _b5 |
||
| 100 |
_aSUMNER MALCOLM E. _912904 |
||
| 245 | _aHAND BOOK OF SOIL SCIENCE | ||
| 260 |
_aLONDON _bNEW YORK _c2000 |
||
| 300 | _a298 | ||
| 942 |
_2ddc _cBOOKS _n0 |
||
| 999 |
_c11967 _d11967 |
||